|
|
|
|
| LEADER |
00000ckm a2200000 a 4500 |
| 001 |
vtls001385524 |
| 003 |
SK-MaSNL |
| 005 |
20260331204026.0 |
| 007 |
kf co |
| 008 |
240131q2000 xo g 0k|slo |
| 015 |
|
|
|a SNBG2000/02-00580
|
| 035 |
|
|
|a SNK000339655
|
| 035 |
|
|
|a urn:nbn:sk:snk-km3lzlz
|
| 035 |
|
|
|a AF5308CB-6A59-4432-9EB2-55C7F0C6D203
|
| 035 |
|
|
|a urn:nbn:sk:snk-km00dnnr
|
| 040 |
|
|
|a SNK
|b slo
|c SNK
|e AACR2
|
| 041 |
0 |
|
|a slo
|
| 043 |
|
|
|a e-xo---
|
| 044 |
|
|
|a xo
|c SK
|
| 072 |
|
7 |
|a 908(437)
|x Vlastiveda Česka a Slovenska
|2 konspekt
|
| 072 |
|
7 |
|a 73
|x Sochárstvo, keramika, porcelán, umelecké spracovanie kovov
|2 konspekt
|
| 072 |
|
7 |
|a 72
|x Architektúra
|2 konspekt
|
| 072 |
|
7 |
|a 792
|x Divadlo. Divadelné predstavenia
|2 konspekt
|
| 080 |
|
|
|a 908.437.671(084.121)
|2 1981
|
| 080 |
|
|
|a 908(437.6)
|2 2011
|
| 080 |
|
|
|a (084.121)
|2 2011
|
| 080 |
|
|
|a 730
|2 2011
|
| 080 |
|
|
|a 725.948
|2 2011
|
| 080 |
|
|
|a 72
|2 2011
|
| 080 |
|
|
|a 792.05
|2 2011
|
| 100 |
1 |
|
|a Tarábek, Ján,
|d 1978-
|4 pht
|9 178454
|
| 245 |
1 |
0 |
|a Košice
|h grafika
|b Dóm sv. Alžbety : Súsošie Immaculata : spievajúca fontána : Divadlo Jánka Borodáča : Hlavná ulica s Univerzitným kostolom
|c foto Ján Tarábek
|
| 260 |
|
|
|a Nitra
|b FOTAR
|c [2000?]
|e Skalica
|f Grafobal
|
| 300 |
|
|
|a 1 pohľadnica (5 čiastkových pohľadov)
|b farebná
|c 11 x 15 cm
|
| 500 |
|
|
|a Rok vydania dokumentu určený podľa prírastkového čísla SNK
|
| 520 |
8 |
|
|a Zobrazenie: pohľad na Dóm sv. Alžbety, Súsošie Immaculata, Divadlo Jánka Borodáča a Hlavnú ulicu s Univerzitným kostolom, uprostred pohľadnice pohľad na spievajúcu fontánu
|
| 610 |
2 |
7 |
|a Dóm sv. Alžbety (Košice, Slovensko)
|2 SNKKA
|9 34070
|
| 610 |
2 |
7 |
|a Divadlo Janka Borodáča
|2 SNKKA
|9 232364
|
| 610 |
2 |
7 |
|a Kostol Najsvätejšej Trojice (Košice, Slovensko)
|2 SNKKA
|9 99244
|
| 650 |
0 |
7 |
|a súsošia
|2 SNKPH
|9 81386
|
| 650 |
0 |
7 |
|a Spievajúca fontána (Košice, Slovensko)
|2 SNKPH
|9 220890
|
| 650 |
0 |
7 |
|a katedrály
|2 SNKPH
|9 3032
|
| 650 |
0 |
7 |
|a fontány
|2 SNKPH
|9 3014
|
| 650 |
0 |
7 |
|a divadlá
|2 SNKPH
|9 29113
|
| 651 |
|
7 |
|a Košice (Slovensko)
|2 SNKPH
|9 18694
|
| 655 |
|
7 |
|a miestne pohľadnice
|2 SNKPH
|9 70510
|
| 852 |
|
|
|a Slovenská národná knižnica
|
| 958 |
|
|
|a GBN
|
| 958 |
|
|
|a TL
|
| 958 |
|
|
|a GC
|
| 958 |
|
|
|a OND
|
| 958 |
|
|
|a EUIPO
|
| 999 |
|
|
|c 946713
|d 948643
|
| 952 |
|
|
|t P60, <03>, [BOOK], {603}
|a SNK
|b SNK
|y PREZ
|7 0
|p 17A1242461
|o snkSP 148832
|i snkPV 8/2000
|0 0
|1 0
|4 0
|d 2000-03-22
|f 1
|l 0
|r 2005-01-02 00:00:00
|w 2026-02-24
|
| 952 |
|
|
|t P60, <04>, [BOOK], {604}
|a SNK
|b SNK
|y PREZ
|7 0
|p 17A1242470
|o snkSP 148832 D1
|i snkPV 9/2000
|0 0
|1 0
|4 0
|d 2000-03-22
|l 0
|r 2005-01-02 00:00:00
|w 2026-02-24
|